Italian Serie A Captains 2018-2019 - Statistics

General Stats
  • This quiz has been taken 59 times
  • The average score is 10 of 20
Answer Stats
Player Position Club % Correct
Giorgio Chiellini D Juventus
98%
Mauro Icardi F Internazionale
91%
Daniele De Rossi M AS Roma
79%
Marek Hamsik M Napoli
79%
Andrea Belotti F Torino
77%
Papu Gomez F Atalanta
74%
Alessio Romagnoli D AC Milan
68%
Fabio Quagliarella F Sampdoria
64%
Sergio Pellissier F Chievo Verona
62%
Francesco Magnanelli M Sassuolo
53%
Senad Lulić M Lazio
49%
Domenico Criscito D Genoa
36%
Kevin Lasagna F Udinese
36%
Daniel Ciofani F Frosinone
32%
German Pezzella D Fiorentina
30%
Bruno Alves D Parma
28%
Mirko Antenucci F SPAL
28%
Blerim Dzemaili M Bologna
19%
Daniele Dessena M Cagliari
13%
Manuel Pasqual D Empoli
13%
No matching quizzes found
Score Distribution
Percent of People with Each Score
Percentile by Number Answered
Your Score History
You have not taken this quiz